| 000 | 00781nam a22002297a 4500 | ||
|---|---|---|---|
| 999 |
_c2615 _d2615 |
||
| 003 | AR-CdUCM | ||
| 008 | 190305b ||||| |||| 00| 0 spa d | ||
| 040 |
_aMUNICIPALIDAD PROVINCIAL DEL CUSCO _cBIBLIOTECA MUNICIPAL DEL CUSCO |
||
| 082 |
_a190 / _bP35 |
||
| 100 |
_aPechadre Lydie _99204 |
||
| 245 | _aEl éxito de la mujer / | ||
| 260 |
_aEspaña : _bMensajero, _c1971. |
||
| 300 |
_a253 páginas ; _c22 cm. |
||
| 440 |
_acomprender, saber-actuar _99205 |
||
| 505 | _aconversaciones con mujeres -- Lo masculino y lo femenino -- La marcha del mundo -- El destino social de la mujer... | ||
| 650 |
_aMujer. _9143 |
||
| 650 |
_aMasculino y femenino. _99206 |
||
| 650 |
_aMujer social. _99207 |
||
| 700 |
_aRoudy, Yvette _99208 |
||
| 942 |
_2ddc _cLIBROS |
||
| 945 |
_awfj _d2019-03-05 |
||